000 01089cam a2200397 4500
008 090401t1988 xxu||||| |||| 00| 0 eng d
020 _a0728201097
035 _a(Sirsi) u25290
041 _aeng
050 _a333.332
245 _aValuation and development appraisal
250 _a2nd ed.
260 _aLondon
_bEstates Gazette
_c1988
300 _axvi,406p. ; 22cm.
350 _a16.5
520 _aOut of print 2003 (so unfortunately unable to replace missing copies).
650 _aBUILT ENVIRONMENT-BUILDING COSTS
650 _aPROPERTY-COMMERCIAL PROPERTY
650 _aDEMAND ANALYSIS
650 _aDEVELOPMENT
650 _aFEASIBILITY STUDY
650 _aFINANCE
650 _aFINANCIAL APPRAISAL
650 _aFUNDING
650 _aGROUND RENTS
650 _aMONTE CARLO SIMULATION
650 _aPARTNERSHIP SCHEMES
650 _aPROBABILITY ANALYSIS
650 _aRESIDUAL VALUATION
650 _aRISK
650 _aSENSITIVITY ANALYSIS
650 _aTAXATION
700 _aDarlow, Clive.
_xEditor
942 _n0
948 _c04/03/1997
999 _c88711
_d88711